Portabandiera italiani alle Olimpiadi Estive - Statistics

Statistiche generali
  • Questo quiz è stato fatto 39 volte
    25 dall'ultimo reset
  • Il punteggio medio è 9 su 28
Statistiche sulle risposte
Edizione Portabandiera Sport praticato % Corretto
Parigi 2024 Marco Tamberi Atletica
92%
Rio de Janeiro 2016 Federica Pellegrini Nuoto
88%
Londra 2012 Valentina Vezzali Scherma
83%
Atene 2004 Jury Chechi Ginnastica
75%
Seul 1988 Pietro Mennea Atletica
75%
Tokyo 2020 Elia Viviani Ciclismo
63%
Pechino 2008 Antonio Rossi Canoa
58%
Tokyo 2020 Jessica Rossi Tiro a volo
58%
Parigi 2024 Arianna Errigo Scherma
46%
Los Angeles 1984 Sara Simeoni Atletica
46%
Barcellona 1992 Giuseppe Abbagnale Canottaggio
42%
Melbourne 1956 Edoardo Mangiarotti Scherma
25%
Roma 1960 Edoardo Mangiarotti Scherma
25%
Sydney 2000 Carlton Myers Basket
21%
Atlanta 1996 Giovanna Trillini Scherma
17%
Montréal 1976 Klaus Dibiasi Tuffi
17%
Stoccolma 1912 Alberto Braglia Ginnastica
8%
Monaco di Baviera 1972 Abdon Pamich Atletica
4%
Tokyo 1964 Giuseppe Delfino Scherma
4%
Anversa 1920 Nedo Nadi Scherma
4%
Città del Messico 1968 Raimondo D'Inzeo Equitazione
4%
Amsterdam 1928 Carlo Galimberti Sollevamento Pesi
0%
Londra 1948 Giovanni Rocca Atletica
0%
Berlino 1936 Giulio Gaudini Scherma
0%
Helsinki 1952 Miranda Cicognani Ginnastica
0%
Londra 1908 Pietro Bragaglia Ginnastica
0%
Parigi 1924 Ugo Frigerio Atletica
0%
Los Angeles 1932 Ugo Frigerio Atletica
0%
Nessun quiz corrispondente trovato
Distribuzione punteggi
Percentuale di utenti per punteggio
Percentile per numero di risposta
I tuoi punteggi nel tempo
Non hai fatto questo quiz dall'ultimo reset